|
|
|
|
| LEADER |
00988nam a2200229 a 4500 |
| 001 |
GR-MES66 |
| 008 |
991111s gr 000 b eng d |
| 020 |
|
|
|a 0852381336
|
| 040 |
|
|
|a GrPaTEI
|b gre
|c GR-PaULI
|
| 245 |
0 |
0 |
|a Design of small fishing vessels.
|
| 260 |
|
|
|a England :
|b Fishing News Books,
|c c1985
|
| 300 |
|
|
|a 320σελ. :
|b εικ.,πιν.
|
| 650 |
|
4 |
|a Αλιεία
|
| 650 |
|
4 |
|a ΑΛΙΕΥΤΙΚΑ ΣΚΑΦΗ
|
| 650 |
|
4 |
|a ΝΑΥΠΗΓΙΚΗ
|
| 700 |
1 |
|
|a Fyson, John
|
| 710 |
0 |
|
|a Fishing News Books
|
| 942 |
|
|
|2 ddc
|
| 952 |
|
|
|0 0
|1 0
|2 ddc
|4 0
|6 623_800000000000000_FYS
|7 0
|9 263332
|a MSLG
|b MSLG
|c BSC
|d 2021-01-17
|e 24
|f 0
|g 0.00
|l 0
|o 623.8 FYS
|p 2420000000989
|r 2021-01-17 00:00:00
|t 1
|w 2021-01-17
|y BK15
|x 19991111 0 1
|x GrPaTEI
|
| 952 |
|
|
|0 0
|1 0
|2 ddc
|4 0
|6 623_800000000000000_FYS
|7 0
|9 263333
|a MSLG
|b MSLG
|c BSC
|d 2021-01-17
|e 24
|f 0
|g 0.00
|l 0
|o 623.8 FYS
|p 2420000000990
|r 2021-01-17 00:00:00
|t 1
|w 2021-01-17
|y BK15
|x 19991111 0 1
|x GrPaTEI
|
| 971 |
|
|
|a .b25711076
|b 15-04-20
|c 13-09-16
|
| 999 |
|
|
|c 151562
|d 151562
|